000 00564nam a2200229Ia 4500
003 OSt
005 20220924132729.0
006 a|||||r|||| 00| 0
007 ta
008 220923b |||||||| |||| 00| 0 fre d
024 _a138862
037 _cTextual
040 _aARTS
_cARTS
_bfre
041 _2fre
_afre
082 _aY1.6.N5, 122K0
100 _aBraudel F
_9204843
245 0 _aCahiers d'Ethudes Africaines
260 _c1960
650 _aSOCIOLOGY
942 _hY1.6.N5, 122K0
_cTEXL
_2CC
999 _c431323
_d431323